[Event "Torredembarra op 15th"]
[Site "Torredembarra"]
[Date "2013.07.11"]
[Round "6"]
[White "De Rijk, Nils"]
[Black "Chueca Forcen, Alberto"]
[Result "0-1"]
[WhiteElo "1901"]
[BlackElo "2335"]
[PlyCount "72"]
[EventDate "2013.07.06"]
[EventType "swiss"]
[EventRounds "9"]
[EventCountry "ESP"]
[SourceTitle "CBM 155 Extra"]
[Source "ChessBase"]
[SourceDate "2013.08.26"]
[SourceVersion "1"]
[SourceVersionDate "2013.08.26"]
[SourceQuality "1"]

1. d4 Nf6 2. Nf3 e6 3. g3 c5 4. c4 cxd4 5. Nxd4 d5 6. Bg2 e5 7. Nb5 a6 8. N5c3 d4 9. Nd5 Nxd5 10. Bxd5 Bh3 11. Qb3 Ra7 12. Bxb7 Bc5 13. Nd2 0-0 14. Ne4 Qe7 15. Bd5 Bb4+ 16. Kd1 a5 17. Qd3 Bf5 18. g4 Bg6 19. h4 Na6 20. h5 Nc5 21. Qf3 Bxe4 22. Bxe4 Nxe4 23. Qxe4 Qc7 24. a3 Be7 25. f4 Qxc4 26. Rh3 exf4 27. Bxf4 Qa4+ 28. b3 Qd7 29. Be5 Re8 30. Qxd4 Bc5 31. Qxd7 Rxd7+ 32. Ke1 Rxe5 33. Rc1 h6 34. Rhc3 Bxa3 35. Rc8+ Kh7 36. Ra8 Bxc1 0-1

[Event "Torredembarra op 15th"]
[Site "Torredembarra"]
[Date "2013.07.10"]
[Round "5"]
[White "Ruiz Font, Elisabet"]
[Black "De Rijk, Nils"]
[Result "1/2-1/2"]
[WhiteElo "2055"]
[BlackElo "1901"]
[PlyCount "76"]
[EventDate "2013.07.06"]
[EventType "swiss"]
[EventRounds "9"]
[EventCountry "ESP"]
[SourceTitle "CBM 155 Extra"]
[Source "ChessBase"]
[SourceDate "2013.08.26"]
[SourceVersion "1"]
[SourceVersionDate "2013.08.26"]
[SourceQuality "1"]

1. e4 d6 2. d4 Nf6 3. Nc3 g6 4. Nf3 Bg7 5. h3 0-0 6. Be3 c5 7. Be2 b6 8. e5 Nfd7 9. dxc5 Nxc5 10. exd6 exd6 11. Nd4 Bb7 12. 0-0 Ne4 13. Nxe4 Bxe4 14. c3 Nc6 15. Nxc6 Bxc6 16. Qd2 Qc7 17. f4 Rfe8 18. Bf3 d5 19. Rad1 Rad8 20. Bd4 Bh6 21. g3 Rd6 22. Qg2 Bg7 23. Bxg7 Kxg7 24. Bxd5 Red8 25. c4 Bxd5 26. cxd5 Qc5+ 27. Qf2 Qxf2+ 28. Kxf2 Rxd5 29. Rxd5 Rxd5 30. Ke3 Rh5 31. h4 Ra5 32. a3 Rb5 33. b4 a5 34. Rb1 Kf6 35. Kd4 axb4 36. axb4 Ke6 37. Kc4 Rd5 38. Re1+ Kd6 1/2-1/2